000 00711nam a2200289Ia 4500
005 20260324124645.0
008 008 260324s9999 xx 000 0 eng d
020 _a9780240813998
037 _aEBOOK
040 _aCRL
040 _beng
040 _cCRL
041 _2eng
041 _aeng
084 _qCRL
100 _aDiana Friedberg; Lori Coleman
_91175006
245 0 _aMake the Cut
245 2 _bA Guide to Becoming a Successful Assistant Editor in Film and TV
260 _bTaylor and Francis
260 _c2010
365 _a
365 _b315
856 _uhttp://www.taylorfrancis.com/books/9780240813998
942 _cEBOOK
999 _c1769559
_d1769559